| 000 | 00808nam a22002057a 4500 | ||
|---|---|---|---|
| 003 | BUBTL | ||
| 008 | 200127b xxu||||| |||| 00| 0 eng d | ||
| 020 | _a9847000612076 | ||
| 082 | _a954.925/ Is41m/ 2001 | ||
| 100 |
_92294 _aইসলাম, রফিকুল |
||
| 245 |
_aমুক্তির সোপানতলে/ _cরফিকুল ইসলাম |
||
| 250 | _a1st Edn. | ||
| 260 |
_aঢাকা : _bআগামী প্রকাশনী, _cc2001 |
||
| 300 |
_a280 p.: _c22 cm. |
||
| 505 | _aমুক্তির সোপানতলে, রফিকুল ইসলাম, মুক্তিযুদ্ধ | ||
| 650 | 0 |
_91755 _aমুক্তিযুদ্ধ |
|
| 856 |
_k0 _l0 _yDownload |
||
| 942 |
_2ddc _cBK |
||
| 999 |
_c6258 _d6258 |
||